000 00672nam a2200277Ia 4500
005 20260324120454.0
008 008 260324s9999 xx 000 0 eng d
020 _a9781315555942
037 _aEBOOK
040 _aCRL
040 _beng
040 _cCRL
041 _2eng
041 _aeng
084 _qCRL
100 _aDavid A. Woodman; Martin Brett
_91158706
245 4 _aThe Long Twelfth-Century View of the Anglo-Saxon Past
260 _bTaylor and Francis
260 _c2015
365 _a
365 _b240
856 _uhttp://www.taylorfrancis.com/books/9781315555942
942 _cEBOOK
999 _c1750254
_d1750254